La leyenda de la yerba mate /

Cuentan que Yasí, la luna, recorría el cielo y lo iluminaba con el brillo de su piel. Miraba hacia la tierra lejana. ¿Qué había más allá de las copas de los árboles? Una noche, la muy curiosa decidió conocer el mundo.

Guardado en:
Autor Principal: Shúa, Ana María.
Otros Autores: Prada, Marta., Pez; il., Fernández, Luciana; il.
Formato: Libro
Idioma:Undetermined
Publicado: Buenos Aires : Sudamericana, 2003.
Series:Cuentamérica naturaleza / Gigliola Zecchin
Materias:
Etiquetas: Agregar Etiqueta
Sin Etiquetas, Sea el primero en etiquetar este registro!
LEADER 00972nam a22002295a 4500
001 CEM.cems021290
008 240705s2003####ag############000#0#und#d
005 20240705172147.0
245 1 0 |a La leyenda de la yerba mate /  |c Ana María Shúa y Marta Prada ; ilustrado por Pez y Luciana Fernández. 
260 |a Buenos Aires :  |b Sudamericana,  |c 2003. 
300 |a 32 p. 
490 1 |a Cuentamérica naturaleza / Gigliola Zecchin 
500 |a Edad sugerida: a partir de 4 años. 
520 |a Cuentan que Yasí, la luna, recorría el cielo y lo iluminaba con el brillo de su piel. Miraba hacia la tierra lejana. ¿Qué había más allá de las copas de los árboles? Una noche, la muy curiosa decidió conocer el mundo. 
020 |a 9500722445 
100 1 |a Shúa, Ana María. 
700 1 |a Prada, Marta. 
700 1 |a Pez; il. 
700 1 |a Fernández, Luciana; il. 
653 |a Mitos 
653 |a Leyendas 
859 |a CEMS  |b BIB. CEMS - Inicial y Primaria  |h 398.2  |i Sh91  |k IP  |p 2890  |t Ej.1